Największe państwa z małą turystyką - Statystyki

Ogólne statystyki
  • Ten quiz został rozwiązany 3 571 razy
  • Średni wynik to 12 z 20
Statystyki odpowiedzi
Populacja Kontynent Państwo % Poprawnych
25,7 mln Afryka Niger
92%
225 mln Afryka Nigeria
88%
104 mln Afryka Demokratyczna Republika Konga
84%
50,0 mln Afryka Sudan
78%
38,0 mln Europa Ukraina
72%
18,8 mln Afryka Czad
69%
18,0 mln Afryka Somalia
68%
170 mln Azja Bangladesz
66%
23,4 mln Afryka Mali
65%
28,3 mln Ameryka Południowa Wenezuela
65%
40,9 mln Azja Afganistan
62%
36,2 mln Afryka Angola
62%
26,4 mln Azja Korea Północna
55%
20,4 mln Afryka Zambia
55%
33,1 mln Afryka Mozambik
53%
28,0 mln Afryka Kamerun
50%
38,8 mln Azja Jemen
44%
30,8 mln Afryka Madagaskar
40%
22,8 mln Afryka Burkina Faso
37%
20,8 mln Afryka Malawi
33%
Nie znaleziono quizów pasujących do podanych kryteriów
Rozkład punktacji
Procent ludzi z każdym wynikiem
Percentyl według liczby udzielonych odpowiedzi
Twoja historia wyników
Nie rozwiązałeś tego quizu